000 00488nam a2200181Ia 4500
005 20250326130015.0
008 250326s9999 xx 000 0 und d
037 _aTextbook
040 _aFMSL
_beng
_cFMSL
041 _aeng
_2eng
084 _aX:74 N3
_qFMSL
100 _aMosteller F
245 0 _aStatisties by example detecting pattern
_cMosteller F
260 _aNY
_bNY, Addison Wesley
_c1973
300 _a166p
942 _cTB
_hX:74 N3
999 _c1280539
_d1280539